O Treinamento/Formação no desenvolvimento dos Trabalhadores: O Caso Clube Desportivo 1º de Agosto (Record no. 2265)
[ view plain ]
| 000 -Etiqueta do registo | |
|---|---|
| Campo de controlo de comprimento fixo | 00412 a2200145 4500 |
| 020 ## - ISBN (NÚMERO DE LIVRO PADRÃO INTERNACIONAL) | |
| ISBN | S/N |
| 040 ## - Fonte de Catalogação | |
| Agência de catalogação | Biblioteca de Posgraduação- Universidade Lusíada de Angola |
| 082 ## - DEWEY DECIMAL CLASSIFICATION NUMBER | |
| Número de classificação | 658.3 |
| 100 ## - Nome Pessoal | |
| 9 (RLIN) | 1088 |
| Autor | VENTURA, Domitila Henrique |
| 245 ## - Declaração de Título | |
| Título | O Treinamento/Formaȯ̂ no desenvolvimento dos Trabalhadores: O Caso Clube Desportivo 1ð de Agosto |
| 260 ## - Publicação e Destribuíção | |
| Local de edição/distribuição | Luanda |
| Editor/distribuidor | Universidade Lusa̕da |
| Data de edição/distribuição | 2019 |
| 300 ## - Descrição Física | |
| Nº Pág. | 88p |
| 650 ## - MATERIA | |
| MATERIA | Recursos Humanos |
| 942 ## - - Elementos de entrada adicionados (koha) | |
| Tipo de documento | Dissertações de Grado e Mestrado |
| Withdrawn status | Lost status | Source of classification or shelving scheme | Damaged status | Not for loan | Permanent Location | Current Location | Date acquired | Total Checkouts | Date last seen | Price effective from | Koha item type |
|---|---|---|---|---|---|---|---|---|---|---|---|
| Dewey Decimal Classification | Biblioteca Geral- Universidade Lusíada de Angola | Biblioteca Geral- Universidade Lusíada de Angola | 24/04/2026 | 24/04/2026 | 24/04/2026 | Dissertações de Grado e Mestrado | |||||
| Dewey Decimal Classification | Biblioteca Geral- Universidade Lusíada de Angola | Biblioteca Geral- Universidade Lusíada de Angola | 24/04/2026 | 24/04/2026 | 24/04/2026 | Dissertações de Grado e Mestrado |
